Statistiques concernant Culture Générale - Série 222

Cliquez ici pour prendre le quiz!

Statistiques générales

  • Ce quiz a été pris 119 fois
  • Le résultat moyen est 7 sur 10

Statistiques - réponses

QuestionRéponse% Correct
Quelle langue officielle parlez-vous si vous vous exprimez en castillan ?L'espagnol
99%
Dans quelle ville le Manneken-Pis fait-il pipi devant les touristes ?Bruxelles
95%
En 2012, quelle était la langue maternelle la plus parlée au sein de l'Union Européenne ?L'allemand
90%
A qui doit-on la peinture de la voûte de la chapelle Sixtine ?Michel-Ange
87%
Sur un téléphone mobile, quel chiffre est associé aux lettres MNO ?Le 6
85%
A quel auteur européen doit-on le roman "Don Quichotte" ?Miguel de Cervantès
73%
Quel mot inuit désigne en français une embarcation individuelle ?kayak
67%
Comment est la maison chantée par Michel Polnareff en 1969 ?Vide
35%
Selon les paroles du "Pénitencier" de Johnny Hallyday, qu'a donné la mère ?Sa robe de mariée
25%
En 1961, quel groupe interprète la chanson "Tu parles trop" ?Les Chaussettes noires
24%

Distribution des résultats

Percentile par nombre de réponses

% des personnes avec chaque résultat

Votre développement - résultats

Vous n’avez pas pris ce quiz